Regioni della Francia - Statistics

Statistiche generali
  • Questo quiz è stato fatto 70 volte
  • Il punteggio medio è 7 su 13
Statistiche sulle risposte
Capoluogo Regione % Corretto
Parigi Île-de-France
87%
Rennes Bretagna
84%
Marsiglia Provenza-Alpi-Costa Azzurra
84%
Ajaccio Corsica
80%
Rouen Normandia
80%
Lione Alvernia-Rodano-Alpi
56%
Besançon Borgogna-Franca Contea
55%
Bordeaux Nuova Aquitania
49%
Strasburgo Grande Est
38%
Orléans Centro-Valle della Loira
35%
Tolosa Occitania
35%
Lilla Alta Francia
33%
Nantes Paesi della Loira
33%
Nessun quiz corrispondente trovato
Distribuzione punteggi
Percentuale di utenti per punteggio
Percentile per numero di risposta
I tuoi punteggi nel tempo
Non hai fatto questo quiz